Žandár Fufu aký bol slávny komik Louis de Funés v súkromí?

Bibliographic Details
Main Author: Podstranská, Jana (Author)
Format: Article
Language:Slovak
PhysicalDescription:Fotogr.
ISSN:1210-2040
Subjects:

MARC

LEADER 00000nab a2200000 a 4500
001 vtls000827527
003 SK-MaSNL
005 20260302162336.0
008 160321c2003 xo 0 slo
015 |a SNBRB2003/03-07362 
035 |a CLN000179182 
040 |a SNKBUCL  |b slo  |c SNKBUCL  |e AACR2 
041 0 |a slo 
044 |a xo  |c SK 
080 |a 791.44.071.2  |2 UDC-MRF-SK2 
080 |a 929 Funes, Louis de  |2 UDC-MRF-SK2 
100 1 |a Podstranská, Jana  |4 aut  |9 843043 
245 1 0 |a Žandár Fufu  |b aký bol slávny komik Louis de Funés v súkromí?  |c Jana Podstranská 
300 |b Fotogr. 
600 1 7 |a Funès, Louis de,  |d 1914-1983  |2 snkbucl  |9 176891 
655 7 |a články z novín a časopisov  |2 snkbucl  |9 267496 
773 0 |x 1210-2040  |t Plus 7 dní  |g Roč. 13, č. 7 (2003), s. 64-67 
850 |a Slovenská národná knižnica v Martine 
852 |a SNK  |b KIS3GCP 
958 |a FR 
958 |a BC 
958 |a RBX 
999 |c 1379900  |d 1381830